Energía solar
Αποθηκεύτηκε σε:
| Κύριος συγγραφέας: | |
|---|---|
| Μορφή: | Βιβλίο |
| Γλώσσα: | Ισπανικά |
| Έκδοση: |
Buenos Aires
Alsina
2005
|
| Έκδοση: | 4a. ed |
| Θέματα: | |
| Ετικέτες: |
Προσθήκη ετικέτας
Δεν υπάρχουν, Καταχωρήστε ετικέτα πρώτοι!
|
MARC
| LEADER | 00000nam a2200000 a 4500 | ||
|---|---|---|---|
| 001 | UCJ8907 | ||
| 003 | CL-VaPUC | ||
| 008 | 070126e20050000AG |||||||||||||||||spa|d | ||
| 020 | |a 9505531117 | ||
| 082 | 0 | 4 | |a 621.47 |b QUA |2 21 |
| 100 | 0 | |a Quadri, Néstor Pedro |e author |9 518692 | |
| 245 | 1 | 0 | |a Energía solar |
| 250 | |a 4a. ed | ||
| 300 | |a 166 p | ||
| 942 | |c BK | ||
| 945 | |d 20070126 00:00:00 |a cmena | ||
| 260 | |a Buenos Aires |b Alsina |c 2005 | ||
| 650 | 7 | |a ENERGIA SOLAR |2 CL-VaPUC |9 518693 | |
| 650 | 0 | |a Fuentes de energía |9 263042 | |
| 650 | 7 | |a CALEFACCION SOLAR |2 CL-VaPUC |9 263347 | |
| 650 | 0 | |a Refrigeración |9 259343 | |
| 650 | 0 | |a Energía eólica |9 316611 | |
| 583 | |a last modification |c 20070126 00:00:00 |k Rodrigo Vera | ||
| 999 | |c 324551 |d 324549 | ||
| 952 | |0 0 |1 0 |2 ddc |4 0 |6 621_470000000000000_QUA_2005 |7 0 |8 A |9 404810 |a BIBMEC |b BIBMEC |d 2019-11-22 |i 4321146 |l 3 |o 621.47 QUA 2005 |p 4321146 |r 2024-01-19 |s 2023-11-08 |w 2019-11-22 |y BK_P |k MEC | ||